[Event "ICS rated blitz match"]
[Site "204.178.125.65"]
[Date "2001.09.21"]
[Round "?"]
[White "Hossa"]
[Black "Deveraux"]
[Result "0-1"]
[WhiteElo "2568"]
[BlackElo "2727"]
[PlyCount "130"]
[EventDate "2001.??.??"]

1. c4 g6 2. d4 Nf6 3. Nc3 d5 4. cxd5 Nxd5 5. e4 Nxc3 6. bxc3 c5 7. Bb5+ Bd7 8.
Bc4 Bg7 9. Ne2 O-O 10. O-O cxd4 11. cxd4 Nc6 12. Bb2 Rc8 13. Rc1 Na5 14. Bd3
Rxc1 15. Qxc1 Nc6 16. d5 Ne5 17. Qd2 Qb6 18. Bxe5 Bxe5 19. Rb1 Qc7 20. Qh6 Rc8
21. h4 e6 22. h5 exd5 23. exd5 Qa5 24. hxg6 hxg6 25. Be4 Qxa2 26. Ng3 b5 27.
Rd1 Bxg3 28. fxg3 Qa4 29. Bf3 b4 30. d6 Qc2 31. Re1 Qc5+ 32. Kh2 Qxd6 33. Rd1
Qe7 34. Rd4 a5 35. Bd5 Bf5 36. Rh4 Qf6 37. Qh7+ Kf8 38. Qh6+ Qg7 39. Qf4 Re8
40. Qc7 g5 41. Qd6+ Kg8 42. Rh5 Bg4 43. Qc6 Bxh5 44. Qxe8+ Qf8 45. Qd7 Kg7 46.
Bf3 Bxf3 47. gxf3 Qc5 48. Qa4 Qd5 49. f4 b3 50. fxg5 Qd2+ 51. Kh3 b2 52. Qe4
Qxg5 53. Kg2 Qb5 54. Qg4+ Kf6 55. Qh4+ Kg6 56. Qg4+ Qg5 57. Qd1 Qf5 58. Qd6+
Kh7 59. Qe7 b1=Q 60. Qe2 Qd5+ 61. Kf2 Qb6+ 62. Qe3 Qd2+ 63. Kf3 Qbxe3+ 64. Kg4
Qg5+ 65. Kf3 Qf5# {Hossa checkmated} 0-1

[Event "ICS rated blitz match"]
[Site "204.178.125.65"]
[Date "2001.09.21"]
[Round "?"]
[White "RMartin"]
[Black "Hossa"]
[Result "0-1"]
[WhiteElo "2199"]
[BlackElo "2559"]
[PlyCount "50"]
[EventDate "2001.??.??"]

1. d4 Nf6 2. Nf3 e6 3. g3 b5 4. Bg2 Bb7 5. O-O Be7 6. Qd3 O-O 7. c4 bxc4 8.
Qxc4 Bd5 9. Qc2 Nc6 10. Nc3 Bxf3 11. exf3 Nxd4 12. Qd1 c5 13. f4 d5 14. Be3 Nf5
15. g4 Nh4 16. g5 Ne8 17. Ne2 Nxg2 18. Kxg2 d4 19. Bd2 Qd5+ 20. f3 Nd6 21. Ng3
Rab8 22. b3 c4 23. bxc4 Nxc4 24. Rc1 Bb4 25. Bxb4 Ne3+ {RMartin resigns} 0-1

[Event "ICS Rated blitz match"]
[Site "204.178.125.65"]
[Date "2001.09.21"]
[Round "?"]
[White "Hossa"]
[Black "PostModernist"]
[Result "0-1"]
[WhiteElo "2563"]
[BlackElo "2709"]
[PlyCount "117"]
[EventDate "2001.??.??"]

1. e4 c5 2. Nf3 a6 3. d4 cxd4 4. Nxd4 Nf6 5. Nc3 e5 6. Nf3 Bb4 7. Bd2 Nc6 8.
Bd3 d5 9. exd5 Nxd5 10. Nxd5 Qxd5 11. Bxb4 Nxb4 12. Be2 Qxd1+ 13. Bxd1 e4 14.
Nd4 Ke7 15. Kd2 Rd8 16. Kc3 a5 17. a3 Nd5+ 18. Kd2 Nf4 19. Ke3 Nxg2+ 20. Kxe4
Ra6 21. Bf3 Nh4 22. Be2 Rf6 23. Rad1 Ng2 24. c3 Rxf2 25. Bf1 Bg4 26. Ra1 f5+
27. Kd3 Bf3 28. Bxg2 Bxg2 29. Ke3 Rxb2 30. Rhb1 Rxb1 31. Rxb1 g6 32. Rb5 Rc8
33. Kd2 a4 34. Rb4 Ra8 35. Rb6 f4 36. Kd3 Kf7 37. Ne6 f3 38. Ng5+ Kg8 39. Rf6
Ra5 40. h4 Rd5+ 41. Ke3 Rc5 42. Rf8+ Kxf8 43. Ne6+ Ke7 44. Nxc5 b5 45. Ne4 Ke6
46. Ng5+ Kf5 47. Nxh7 Kg4 48. Ng5 Kxh4 49. Nxf3+ Bxf3 50. Kxf3 g5 51. Ke4 g4
52. Kd4 g3 53. Kc5 g2 54. Kb4 g1=Q 55. Kxb5 Qh2 56. Kc5 Qe5+ 57. Kb4 Qe7+ 58.
Kb5 Qxa3 59. c4 {Hossa resigns} 0-1

[Event "ICS rated blitz match"]
[Site "204.178.125.65"]
[Date "2001.09.21"]
[Round "?"]
[White "Hossa"]
[Black "IgorIvanov"]
[Result "1/2-1/2"]
[WhiteElo "2553"]
[BlackElo "2516"]
[PlyCount "165"]
[EventDate "2001.??.??"]

1. d4 Nf6 2. c4 e6 3. Nf3 d5 4. Bg5 Nbd7 5. e3 h6 6. Bxf6 Nxf6 7. Nc3 c6 8. Bd3
g6 9. O-O Bg7 10. Ne5 O-O 11. Qe2 dxc4 12. Nxc4 Nd5 13. Ne4 b6 14. f4 Ba6 15.
Rfd1 Qe7 16. Ne5 Bxd3 17. Qxd3 Rac8 18. Rac1 c5 19. dxc5 bxc5 20. Nc4 Rfd8 21.
Qe2 Nb6 22. Ncd6 Rc6 23. Nb5 Nd5 24. Rb1 a6 25. Na3 Nf6 26. Rxd8+ Qxd8 27. Rd1
Nd5 28. Nc4 Qb8 29. Qd2 Qb5 30. b3 Qb4 31. Qf2 Rc8 32. Ned6 Rd8 33. Rd2 Bf6 34.
Ne4 Be7 35. Rd3 a5 36. a3 Qb5 37. Qc2 Rb8 38. Nf2 a4 39. bxa4 Qb1+ 40. Qxb1
Rxb1+ 41. Rd1 Rb3 42. Ng4 h5 43. Nge5 Nxe3 44. Rc1 Bf6 45. Nxe3 Bxe5 46. fxe5
Rxe3 47. Rxc5 Rxa3 48. a5 Ra2 49. h3 h4 50. Kh1 Kg7 51. Kh2 g5 52. Kh1 Kg6 53.
Kh2 Kh5 54. Rb5 Kg6 55. Rc5 Kf5 56. Rb5 Ke4 57. Kg1 Kd4 58. Kf1 Kc4 59. Rb7
Rxa5 60. Rxf7 Rxe5 61. Rd7 Rd5 62. Re7 Rf5+ 63. Ke2 Kd5 64. Ke3 Ke5 65. Rc7 Kf6
66. Rb7 Ra5 67. Rc7 Ra3+ 68. Ke4 Rg3 69. Rc2 g4 70. Rf2+ Kg5 71. hxg4 Kxg4 72.
Re2 Ra3 73. Ke5 Ra6 74. Re4+ Kg3 75. Kf6 Ra2 76. Kg5 Rxg2 77. Rxh4 Rf2 78. Rg4+
Kf3 79. Rf4+ Ke3 80. Rxf2 Kxf2 81. Kg6 e5 82. Kf5 e4 83. Kxe4 {
Game drawn because neither player has mating material} 1/2-1/2

[Event "ICS Rated blitz match"]
[Site "204.178.125.65"]
[Date "2001.09.21"]
[Round "?"]
[White "Amateur"]
[Black "Hossa"]
[Result "1-0"]
[WhiteElo "2544"]
[BlackElo "2551"]
[PlyCount "153"]
[EventDate "2001.??.??"]

1. Nf3 d5 2. c4 dxc4 3. e3 Nf6 4. Bxc4 e6 5. d4 Nc6 6. Nc3 Bb4 7. O-O O-O 8.
Bd2 Bd7 9. Qe2 Ng4 10. Rad1 Na5 11. Bd3 Qe7 12. a3 Bxc3 13. Bxc3 Nc6 14. Qc2 f5
15. Qb3 Rab8 16. h3 Nh6 17. d5 exd5 18. e4 fxe4 19. Qxd5+ Rf7 20. Qxe4 Bf5 21.
Qa4 Bxd3 22. Rxd3 a6 23. Qb3 Kh8 24. Re3 Qc5 25. Re6 Rxf3 26. Bxg7+ Kxg7 27.
Qxf3 Qg5 28. Qc3+ Kf8 29. Rd1 Nf7 30. Rd7 Rd8 31. Rxc7 Rd1+ 32. Re1 Rxe1+ 33.
Qxe1 Ncd8 34. Rd7 Qf6 35. Rc7 Qg5 36. b4 Kg7 37. Qd1 Qf6 38. a4 b5 39. axb5
axb5 40. Qg4+ Kf8 41. Rc5 Qe7 42. Qf4 Qe2 43. Rc7 Qe1+ 44. Kh2 Qd1 45. Qf6 Qd2
46. Rc8 Ke8 47. Qc6+ Ke7 48. Rc7+ Kf8 49. Qc5+ Kg7 50. Re7 Kg6 51. Re3 Nd6 52.
Qe5 Nf5 53. Rf3 Qd7 54. g4 Nc6 55. gxf5+ Kf7 56. Qxb5 Qd6+ 57. Kg2 Nxb4 58.
Qb7+ Qe7 59. Qxe7+ Kxe7 60. Rb3 Nc2 61. Rb7+ Kf6 62. Rxh7 Kxf5 63. h4 Kg6 64.
Rd7 Kh5 65. Kg3 Na3 66. f4 Kh6 67. f5 Nc4 68. Kf4 Nb6 69. Rd6+ Kg7 70. Rxb6 Kf8
71. Rg6 Ke7 72. h5 Kd7 73. h6 Kc7 74. h7 Kd7 75. h8=Q Kc7 76. Qh7+ Kb8 77. Rg8#
{Hossa checkmated} 1-0

[Event "ICS Rated blitz match"]
[Site "204.178.125.65"]
[Date "2001.09.21"]
[Round "?"]
[White "IUROSAMAD"]
[Black "Hossa"]
[Result "0-1"]
[WhiteElo "2451"]
[BlackElo "2535"]
[PlyCount "132"]
[EventDate "2001.??.??"]

1. d4 Nf6 2. c4 g6 3. Nc3 Bg7 4. e4 d6 5. Nf3 O-O 6. Be3 c5 7. dxc5 Ng4 8. Bg5
h6 9. Bh4 Bxc3+ 10. bxc3 g5 11. Bg3 dxc5 12. Qxd8 Rxd8 13. Be2 Nc6 14. h4 gxh4
15. Rxh4 Kg7 16. Bf4 e5 17. Bd2 Rd6 18. Rd1 f5 19. exf5 Bxf5 20. Nh2 Nxh2 21.
Rxh2 Rad8 22. Be3 b6 23. Bf3 Rxd1+ 24. Bxd1 Rd6 25. Bf3 e4 26. Be2 Rf6 27. f4
Na5 28. g4 Bc8 29. g5 Rd6 30. Kf2 Ba6 31. f5 hxg5 32. Bxg5 Bxc4 33. Bh5 Bxa2
34. f6+ Rxf6+ 35. Bxf6+ Kxf6 36. Ke3 Bd5 37. Be2 Kg7 38. Rh5 Bc6 39. Bf1 Nb7
40. Bg2 Nd6 41. Re5 Nc4+ 42. Kf4 Nxe5 43. Kxe5 e3 44. Bf1 Bf3 45. Kf4 e2 46.
Bxe2 Bxe2 47. Ke3 Bc4 48. Kd2 b5 49. Kc2 b4 50. Kb2 bxc3+ 51. Kxc3 Bb5 52. Kb3
Bd3 53. Kc3 Kf6 54. Kd2 Ke5 55. Kxd3 Kd5 56. Kc3 c4 57. Kd2 Kd4 58. Kc2 c3 59.
Kc1 Kd3 60. Kd1 c2+ 61. Ke1 Ke3 62. Kf1 c1=Q+ 63. Kg2 Kf4 64. Kf2 Qc2+ 65. Ke1
Kg3 66. Kf1 Qf2# {IUROSAMAD checkmated} 0-1

[Event "ICS Rated blitz match"]
[Site "204.178.125.65"]
[Date "2001.09.21"]
[Round "?"]
[White "QueenMaxima"]
[Black "Hossa"]
[Result "0-1"]
[WhiteElo "2550"]
[BlackElo "2547"]
[PlyCount "118"]
[EventDate "2001.??.??"]

1. e4 c5 2. Bc4 e6 3. Nc3 Nc6 4. Nf3 Nf6 5. O-O Nxe4 6. Nxe4 d5 7. d3 dxc4 8.
dxc4 b6 9. Bg5 f6 10. Bf4 Qxd1 11. Raxd1 e5 12. Bg3 Bg4 13. Ned2 O-O-O 14. c3
h5 15. h3 Bf5 16. Kh1 g5 17. Ne1 g4 18. h4 Bh6 19. f4 gxf3 20. Rxf3 Bg4 21.
Rxf6 Bxd1 22. Rxc6+ Kb7 23. Rxh6 Rxh6 24. Ne4 Rg6 25. Kh2 Bg4 26. Nf3 Bf5 27.
Nfg5 Bxe4 28. Nxe4 Rd3 29. Ng5 Rd2 30. b4 Rxa2 31. bxc5 Re2 32. cxb6 axb6 33.
Nf7 e4 34. Nd8+ Ka6 35. Nf7 Rc2 36. Ng5 e3 37. Nf3 Rxc3 38. Ne5 Rg7 39. Be1 Rc1
40. Nf3 Rxc4 41. Bg3 Rcg4 42. Ng5 b5 43. Be1 b4 44. g3 R7xg5 45. hxg5 b3 46.
Bc3 e2 47. Kg2 b2 48. Be1 b1=Q 49. Kf2 Qxe1+ 50. Kxe1 Rxg5 51. Kxe2 Rxg3 52.
Kf1 Kb6 53. Ke2 Kc5 54. Kf1 Kd4 55. Ke2 h4 56. Kd2 Rg2+ 57. Ke1 h3 58. Kf1 Ke3
59. Ke1 Rg1# {QueenMaxima checkmated} 0-1

[Event "ICS rated blitz match"]
[Site "204.178.125.65"]
[Date "2001.09.21"]
[Round "?"]
[White "Hossa"]
[Black "QueenMaxima"]
[Result "0-1"]
[WhiteElo "2563"]
[BlackElo "2534"]
[PlyCount "118"]
[EventDate "2001.??.??"]

1. Nf3 Nf6 2. d4 g6 3. c4 Bg7 4. Nc3 O-O 5. e4 d6 6. Be2 Nc6 7. O-O Bg4 8. d5
Bxf3 9. Bxf3 Ne5 10. Be2 c5 11. Be3 Qb6 12. f4 Ned7 13. Qd2 Rad8 14. f5 Ne5 15.
b3 Qb4 16. a3 Qa5 17. b4 Qc7 18. bxc5 dxc5 19. Nb5 Qb8 20. Qc2 a6 21. Nc3 b6
22. Rab1 Nfd7 23. Qd2 Kh8 24. Bh6 Bxh6 25. Qxh6 Rg8 26. Rf4 gxf5 27. exf5 Nf6
28. Rh4 Ned7 29. Ne4 Qe5 30. Nxf6 Nxf6 31. Bd3 b5 32. Rf1 Qb2 33. Rf2 Qxa3 34.
Be2 bxc4 35. Bxc4 a5 36. Rf1 Qb2 37. Rf2 Qe5 38. d6 Rxd6 39. Be2 Rgd8 40. Bf1
Rd1 41. Rf3 Qe2 42. Rf2 Qb5 43. Qe3 R8d7 44. Qh6 Qb8 45. Rh3 R7d4 46. Rff3 c4
47. Rf2 c3 48. Rff3 c2 49. Rhg3 Rg4 50. Rc3 Rxg3 51. Rxc2 Qa7+ 52. Rf2 Ne4 53.
Qf4 Rg4 54. Qe5+ Kg8 55. Qxe4 Rxe4 56. h3 Rd2 57. Kh2 Qxf2 58. f6 Qxf1 59. fxe7
Rxg2# {Hossa checkmated} 0-1

[Event "ICS Rated blitz match"]
[Site "204.178.125.65"]
[Date "2001.09.21"]
[Round "?"]
[White "QueenMaxima"]
[Black "Hossa"]
[Result "1-0"]
[WhiteElo "2551"]
[BlackElo "2546"]
[PlyCount "131"]
[EventDate "2001.??.??"]

1. e4 c5 2. Bc4 a6 3. Ne2 e6 4. d3 d5 5. exd5 exd5 6. Bb3 Nf6 7. Nbc3 d4 8. Ne4
Nxe4 9. dxe4 Bd6 10. c3 dxc3 11. bxc3 O-O 12. Bd5 Qc7 13. Rb1 Nc6 14. f4 Rd8
15. O-O b5 16. a4 bxa4 17. Qxa4 Bd7 18. Qc4 Bg4 19. Ba3 Na5 20. Qa2 Ra7 21. e5
Bf8 22. Rfd1 c4 23. Bxf8 Rxf8 24. Rd4 Rd8 25. Bxc4 Rc8 26. Rbd1 Nxc4 27. Rxc4
Qb6+ 28. Kh1 Raa8 29. Rcd4 Qc5 30. c4 Re8 31. R1d3 f6 32. Ng1 Bf5 33. Rd5 Qc7
34. Rg3 fxe5 35. Re3 Rac8 36. Rdxe5 Rxe5 37. Rxe5 Bd3 38. c5+ Qf7 39. Qd2 Bc4
40. Qd6 Rf8 41. Nh3 Qb7 42. Re7 Qb1+ 43. Ng1 Qf1 44. Qe5 Bf7 45. c6 Qf2 46. c7
Qc2 47. Rd7 Qc6 48. Qe7 a5 49. Rd8 Re8 50. Rxe8+ Bxe8 51. Qd8 a4 52. c8=Q Qxc8
53. Qxc8 Kf8 54. Qc5+ Kf7 55. Qf5+ Kg8 56. Qe4 Kf8 57. Ne2 Bd7 58. Nc3 h5 59.
Nd5 Bg4 60. h3 Bd1 61. Qf5+ Ke8 62. Qe6+ Kf8 63. Nc7 g5 64. Qf6+ Kg8 65. Ne6
gxf4 66. Qg7# {Hossa checkmated} 1-0

[Event "ICS Rated standard match"]
[Site "204.178.125.65"]
[Date "2001.09.21"]
[Round "?"]
[White "Hossa"]
[Black "diep"]
[Result "0-1"]
[WhiteElo "2385"]
[BlackElo "2424"]
[PlyCount "109"]
[EventDate "2001.??.??"]

1. e4 d5 2. exd5 Nf6 3. d4 Bg4 4. Bb5+ Nbd7 5. f3 Bf5 6. c4 e6 7. dxe6 Bxe6 8.
d5 Bf5 9. Nc3 a6 10. Ba4 Bc5 11. Qe2+ Be7 12. g4 Bg6 13. h4 h5 14. Bg5 O-O 15.
gxh5 Bxh5 16. O-O-O b5 17. cxb5 Nb6 18. Bb3 axb5 19. Qxb5 Qd6 20. Qc6 Qe5 21.
Nb5 Na4 22. Bxa4 Rxa4 23. a3 Bg6 24. Qc3 Qf5 25. Qb3 Bb4 26. axb4 Rxb4 27. Qd3
Qxd3 28. Rxd3 Bxd3 29. Nxc7 Rc8 30. Bxf6 gxf6 31. Kd2 Bh7 32. d6 Rd4+ 33. Ke3
Rxd6 34. Nb5 Rd3+ 35. Kf4 Rc1 36. Nc3 Rd2 37. Kg3 f5 38. f4 Rxb2 39. Nd5 Kg7
40. h5 Rc5 41. h6+ Kg6 42. Ne7+ Kf6 43. Nf3 Kxe7 44. Ng5 Rc3+ 45. Nf3 Kf6 46.
Rh3 Kg6 47. Rh1 f6 48. Rd1 Rbb3 49. Rf1 Bg8 50. Kh2 Rxf3 51. Rg1+ Kxh6 52. Rxg8
Rb2+ 53. Kg1 Rd3 54. Rg2 Rxg2+ 55. Kxg2 {Hossa resigns} 0-1

[Event "ICS rated blitz match"]
[Site "204.178.125.65"]
[Date "2001.09.21"]
[Round "?"]
[White "Hossa"]
[Black "kako"]
[Result "1-0"]
[WhiteElo "2547"]
[BlackElo "2032"]
[PlyCount "109"]
[EventDate "2001.??.??"]

1. d4 Nf6 2. c4 e6 3. Nf3 d5 4. Nc3 Be7 5. Bg5 O-O 6. e3 Nbd7 7. cxd5 exd5 8.
Bd3 c6 9. O-O Re8 10. Qc2 Nf8 11. Bh4 Ne4 12. Bxe7 Qxe7 13. Bxe4 dxe4 14. Nd2
f5 15. Nc4 Be6 16. Qe2 Kh8 17. Ne5 Nd7 18. Nxd7 Qxd7 19. Rab1 Qf7 20. b3 Bd5
21. Rbc1 Re7 22. Nxd5 cxd5 23. Rc5 g6 24. Qd2 Rc7 25. Rxc7 Qxc7 26. Rc1 Qd7 27.
Qc2 Rd8 28. Qc7 Kg8 29. Qe5 Rc8 30. Rxc8+ Qxc8 31. Qxd5+ Kg7 32. g4 Qc1+ 33.
Kg2 Qd1 34. Qe5+ Kg8 35. Qf4 fxg4 36. Qb8+ Kf7 37. Qxb7+ Kf6 38. Qxe4 h5 39.
Qe5+ Kf7 40. Qc7+ Kf6 41. Qd6+ Kf7 42. Qd7+ Kf6 43. Qd8+ Kf7 44. Qa8 h4 45.
Qxa7+ Kg8 46. Qb8+ Kh7 47. Qf4 Kg8 48. b4 h3+ 49. Kg3 Qg1+ 50. Kh4 Qg2 51. a4
Kh7 52. e4 g5+ 53. Kxg5 g3 54. Qf7+ Kh8 55. Kh6 {kako resigns} 1-0

[Event "ICS rated blitz match"]
[Site "204.178.125.65"]
[Date "2001.09.21"]
[Round "?"]
[White "Cedars"]
[Black "Hossa"]
[Result "0-1"]
[WhiteElo "2146"]
[BlackElo "2549"]
[PlyCount "40"]
[EventDate "2001.??.??"]

1. e4 c5 2. d3 Nc6 3. f4 d5 4. c3 dxe4 5. dxe4 Qxd1+ 6. Kxd1 Nf6 7. Nd2 e5 8.
f5 Ng4 9. Ke2 Be7 10. h3 Nf6 11. g4 b6 12. Ngf3 Bb7 13. Ke3 Rd8 14. Nc4 Nxe4
15. Ncxe5 Nxe5 16. Nxe5 Bg5+ 17. Kf3 Nd6+ 18. Kg3 Bxc1 19. Bb5+ Nxb5 20. Rhxc1
f6 {Cedars resigns} 0-1

[Event "ICS rated blitz match"]
[Site "204.178.125.65"]
[Date "2001.09.21"]
[Round "?"]
[White "Hossa"]
[Black "McDogfood"]
[Result "1-0"]
[WhiteElo "2552"]
[BlackElo "2021"]
[PlyCount "43"]
[EventDate "2001.??.??"]

1. d4 g6 2. e4 Bg7 3. Nf3 d6 4. Be2 Nf6 5. Nc3 O-O 6. O-O a6 7. e5 Ne8 8. exd6
Nxd6 9. Bf4 Nd7 10. Re1 Nf6 11. Ne5 c6 12. d5 cxd5 13. Nxd5 Nxd5 14. Qxd5 Be6
15. Qd2 Rc8 16. c3 Qa5 17. Bg4 Bxg4 18. Nxg4 Nc4 19. Qc1 Qf5 20. Nh6+ Bxh6 21.
Bxh6 Rfd8 22. Rxe7 {McDogfood resigns} 1-0

[Event "ICS rated blitz match"]
[Site "204.178.125.65"]
[Date "2001.09.21"]
[Round "?"]
[White "QueenMaxima"]
[Black "Hossa"]
[Result "0-1"]
[WhiteElo "2578"]
[BlackElo "2553"]
[PlyCount "114"]
[EventDate "2001.??.??"]

1. e4 c5 2. Bc4 e6 3. Nc3 Nc6 4. Nf3 Nf6 5. O-O Nxe4 6. Nxe4 d5 7. d3 dxc4 8.
dxc4 b6 9. Bg5 f6 10. Bf4 Qxd1 11. Raxd1 e5 12. Be3 Be6 13. Nfd2 Nb4 14. c3 Nd3
15. b3 O-O-O 16. a3 Be7 17. a4 h6 18. f3 f5 19. Nf2 f4 20. Bd4 cxd4 21. Nxd3
dxc3 22. Ne4 c2 23. Rd2 Ba3 24. Ra1 Rxd3 25. Rxd3 Rd8 26. Rxd8+ Kxd8 27. Kf2
Bf5 28. Ke2 Bxe4 29. fxe4 c1=Q 30. Rxc1 Bxc1 31. Kf3 Bd2 32. Ke2 Bb4 33. h4 h5
34. Kf2 a5 35. Kf3 Be1 36. Ke2 Bxh4 37. Kd3 g5 38. Kd2 g4 39. Ke2 Be7 40. Ke1
h4 41. Kf1 h3 42. gxh3 gxh3 43. Kf2 Bc5+ 44. Kf3 Kc7 45. b4 axb4 46. a5 bxa5
47. Kg4 h2 48. Kf5 a4 49. Kxe5 b3 50. Kf5 a3 51. Ke5 Be3 52. c5 a2 53. Kf6
a1=Q+ 54. Kf7 h1=Q 55. e5 Qxe5 56. Kf8 Qh6+ 57. Kf7 Qee6# {
QueenMaxima checkmated} 0-1

[Event "ICS rated blitz match"]
[Site "204.178.125.65"]
[Date "2001.09.21"]
[Round "?"]
[White "winner3"]
[Black "Hossa"]
[Result "1-0"]
[WhiteElo "2799"]
[BlackElo "2570"]
[PlyCount "119"]
[EventDate "2001.??.??"]

1. d4 Nf6 2. c4 g6 3. Nc3 Bg7 4. e4 d6 5. f3 O-O 6. Be3 Nc6 7. Nge2 Nd7 8. Qd2
Nb6 9. b3 f5 10. d5 Nb8 11. exf5 Bxf5 12. Nd4 c6 13. Bd3 Bxd4 14. Bxd4 Bxd3 15.
Qxd3 N8d7 16. dxc6 bxc6 17. O-O Rf5 18. Ne4 c5 19. Bb2 Qf8 20. Qc3 Ne5 21. f4
Rxf4 22. Qe3 Rf5 23. Bxe5 dxe5 24. Rae1 Nd7 25. Nxc5 Nxc5 26. Qxc5 e6 27. Qxe5
Rxe5 28. Rxf8+ Kxf8 29. Rxe5 Ke7 30. Ra5 Kf6 31. b4 Rc8 32. c5 Rc7 33. Ra6 Ke5
34. c6 Kd5 35. b5 Kc5 36. a4 Rf7 37. c7 Rxc7 38. Rxe6 Rf7 39. Ra6 Kc4 40. h3 g5
41. g4 Kc5 42. h4 gxh4 43. Kh2 Kd4 44. Kh3 Ke4 45. a5 Ke5 46. Kxh4 Kd5 47. b6
axb6 48. axb6 Rf1 49. b7 Rb1 50. Ra7 Ke5 51. Kg5 Ke6 52. Kh6 Rh1+ 53. Kg7 Kd5
54. b8=Q Rg1 55. Qb3+ Kd6 56. Qb4+ Ke5 57. Ra5+ Ke6 58. Qc4+ Kd6 59. Rd5+ Ke7
60. Qe4# {Hossa checkmated} 1-0

[Event "ICS rated blitz match"]
[Site "204.178.125.65"]
[Date "2001.09.21"]
[Round "?"]
[White "Hossa"]
[Black "winner3"]
[Result "0-1"]
[WhiteElo "2563"]
[BlackElo "2806"]
[PlyCount "69"]
[EventDate "2001.??.??"]

1. Nc3 d5 2. d4 e6 3. e4 Bb4 4. e5 c5 5. Qg4 Ne7 6. Qxg7 Rg8 7. Qxh7 cxd4 8. a3
Qa5 9. axb4 Qxa1 10. Nce2 Nbc6 11. Nf3 d3 12. Qxd3 Nxb4 13. Qd2 Na2 14. g3 Rg4
15. Bh3 Re4 16. Kd1 Bd7 17. Ned4 Ng6 18. Nb3 Qb1 19. Nc5 Bc6 20. Bg2 Rc4 21.
Nb3 Ba4 22. Nbd4 Rac8 23. b3 Rxc2 24. Nxc2 Rxc2 25. Qxc2 Bxb3 26. Qxb3 Qxb3+
27. Ke2 Qc4+ 28. Kd2 Qc3+ 29. Ke2 Nxc1+ 30. Rxc1 Qxc1 31. h4 Qb2+ 32. Kf1 a5
33. Kg1 a4 34. Bf1 a3 35. h5 {Hossa resigns} 0-1

[Event "ICS rated blitz match"]
[Site "204.178.125.65"]
[Date "2001.09.21"]
[Round "?"]
[White "winner3"]
[Black "Hossa"]
[Result "1-0"]
[WhiteElo "2812"]
[BlackElo "2557"]
[PlyCount "129"]
[EventDate "2001.??.??"]

1. d4 Nf6 2. Nf3 e6 3. Bg5 c5 4. e3 Qb6 5. Qc1 Ne4 6. Bf4 cxd4 7. exd4 d5 8.
Bd3 Na6 9. c3 Bd6 10. Bxd6 Nxd6 11. Qc2 Bd7 12. Ne5 O-O-O 13. O-O Nb8 14. a4
Nc6 15. Nd2 Qc7 16. Ndf3 h5 17. b3 Kb8 18. Nxd7+ Qxd7 19. Ne5 Qe7 20. Nxc6+
bxc6 21. c4 Rc8 22. c5 Nb7 23. a5 Qh4 24. Qb2 Ka8 25. b4 e5 26. dxe5 Rb8 27.
Rfc1 Nd8 28. b5 Ne6 29. b6 Qd4 30. Qxd4 Nxd4 31. Rab1 Ne6 32. a6 Rbd8 33. b7+
Kb8 34. g3 Nd4 35. f4 h4 36. Kg2 hxg3 37. hxg3 Ne6 38. Rc2 g5 39. f5 Nd4 40.
Rc3 g4 41. Rb4 Nf3 42. Rxg4 d4 43. Ra3 Nxe5 44. Rf4 Rd5 45. g4 Rhd8 46. g5 Rxc5
47. g6 fxg6 48. fxg6 Rcd5 49. Be4 R5d7 50. Rg3 d3 51. g7 d2 52. Bc2 Nd3 53.
g8=Q Ne1+ 54. Kf2 Nxc2 55. Rg1 d1=N+ 56. Rxd1 Rxg8 57. Rxd7 Re8 58. Rdf7 Nb4
59. Rxb4 c5 60. Rbf4 Re6 61. Rf8+ Kc7 62. b8=Q+ Kc6 63. Rc8+ Kd5 64. Rd8+ Kc6
65. Qb7# {Hossa checkmated} 1-0

[Event "ICS rated blitz match"]
[Site "204.178.125.65"]
[Date "2001.09.21"]
[Round "?"]
[White "Hossa"]
[Black "winner3"]
[Result "0-1"]
[WhiteElo "2551"]
[BlackElo "2818"]
[PlyCount "138"]
[EventDate "2001.??.??"]

1. Nf3 Nf6 2. g3 d5 3. Bg2 c6 4. O-O Bg4 5. b3 Nbd7 6. d4 e6 7. c4 Be7 8. h3
Bh5 9. Nc3 O-O 10. a3 Ne4 11. Nxe4 dxe4 12. Nh2 f5 13. Qc2 Bf6 14. Rd1 Nb6 15.
Be3 Qc7 16. Bf4 e5 17. Bxe5 Bxe5 18. dxe5 Qxe5 19. Nf1 Nd7 20. Ra2 Nc5 21. b4
Ne6 22. Qb2 Qxb2 23. Rxb2 Rad8 24. Rxd8 Rxd8 25. Ne3 f4 26. gxf4 Nxf4 27. Bf1
Kf7 28. Kh2 Bg6 29. Kg3 Nh5+ 30. Kh2 Ke6 31. h4 Rf8 32. Kg1 Nf4 33. Rd2 Ke7 34.
Kh2 b6 35. a4 a6 36. Ra2 a5 37. b5 Kd6 38. Rb2 Kc5 39. bxc6 Kxc6 40. Kg1 Be8
41. Rb5 Kc7 42. Rg5 g6 43. c5 b5 44. Re5 bxa4 45. Nc2 Bd7 46. Rxe4 Ne6 47. c6
Nc5 48. Re7 Kxc6 49. Bg2+ Kb6 50. Rxh7 Be6 51. h5 gxh5 52. Rxh5 Rd8 53. e3 Rd2
54. Nd4 a3 55. Rxc5 Kxc5 56. Nxe6+ Kb6 57. Nd4 Rxd4 58. exd4 a2 59. d5 a1=Q+
60. Kh2 a4 61. d6 a3 62. d7 Qh8+ 63. Kg3 Qg7+ 64. Kh4 Qxd7 65. Bf1 a2 66. f3
a1=Q 67. Bd3 Qdg7 68. Bg6 Qxg6 69. f4 Qh1# {Hossa checkmated} 0-1

[Event "ICS rated blitz match"]
[Site "204.178.125.65"]
[Date "2001.09.21"]
[Round "?"]
[White "Hossa"]
[Black "winner3"]
[Result "0-1"]
[WhiteElo "2572"]
[BlackElo "2797"]
[PlyCount "128"]
[EventDate "2001.??.??"]

1. d4 Nf6 2. Nf3 e6 3. Bg5 Be7 4. Nc3 b6 5. e4 d5 6. exd5 exd5 7. Bd3 O-O 8.
O-O Nc6 9. Bb5 Bb7 10. Re1 a6 11. Bxc6 Bxc6 12. Ne5 Bb7 13. Bxf6 Bxf6 14. Qh5
g6 15. Qh3 Bg7 16. Re2 Re8 17. Rae1 Qd6 18. Qf3 Re7 19. a4 Rd8 20. Na2 c5 21.
c3 Rde8 22. Qf4 f6 23. Nd3 Qxf4 24. Nxf4 Rxe2 25. Rxe2 Rxe2 26. Nxe2 c4 27. Nb4
Bh6 28. Nc2 Kf7 29. Kf1 Ke6 30. f4 Bc8 31. Kf2 Bd7 32. a5 bxa5 33. g4 f5 34.
gxf5+ Kxf5 35. Ne3+ Ke6 36. Ng4 Bf8 37. Ne5 Be8 38. Nf3 h6 39. Ne1 Bd6 40. Nc2
g5 41. fxg5 hxg5 42. h3 Bg6 43. Na3 Bf5 44. Kg2 Bc7 45. Ng3 Bf4 46. Ne2 Be3 47.
Kf3 Bd2 48. Ng3 Bxh3 49. Ne2 Bf5 50. Kg2 Bd3 51. Kf2 a4 52. Kf3 g4+ 53. Kf2
Bxe2 54. Kxe2 Bc1 55. Nc2 Bxb2 56. Ke3 a3 57. Kf4 a2 58. Kxg4 a1=Q 59. Nb4 Qg1+
60. Kf3 Bxc3 61. Nc6 Be1 62. Nd8+ Kf5 63. Ke2 Qf2+ 64. Kd1 Qd2# {
Hossa checkmated} 0-1

[Event "ICS rated blitz match"]
[Site "204.178.125.65"]
[Date "2001.09.21"]
[Round "?"]
[White "Cyberg"]
[Black "Hossa"]
[Result "0-1"]
[WhiteElo "2101"]
[BlackElo "2565"]
[PlyCount "62"]
[EventDate "2001.??.??"]

1. d4 Nf6 2. c4 g6 3. Nc3 Bg7 4. Nf3 O-O 5. e3 c6 6. Bd3 d5 7. c5 b6 8. cxb6
axb6 9. O-O Na6 10. a3 Nb4 11. Bb1 Bg4 12. Bd2 Nd7 13. Bxg6 fxg6 14. axb4 Rxa1
15. Qxa1 Bxf3 16. gxf3 e5 17. Kg2 exd4 18. Ne2 d3 19. Ng3 Ne5 20. f4 Nc4 21.
Bc3 Bxc3 22. bxc3 d2 23. Rd1 g5 24. fxg5 Qxg5 25. Qa7 Qg4 26. Qa1 Qf3+ 27. Kg1
Qxf2+ 28. Kh1 Nxe3 29. Rxd2 Qxd2 30. Qg1 Kh8 31. Nh5 Rf1 {Cyberg resigns} 0-1

[Event "ICS rated blitz match"]
[Site "204.178.125.65"]
[Date "2001.09.21"]
[Round "?"]
[White "Hossa"]
[Black "baldomero"]
[Result "1-0"]
[WhiteElo "2600"]
[BlackElo "2270"]
[PlyCount "79"]
[EventDate "2001.??.??"]

1. d4 d5 2. Nf3 Nf6 3. c4 c6 4. Qb3 e6 5. e3 Be7 6. Bd2 Kf8 7. Bd3 g6 8. O-O
Kg7 9. Qc2 Nbd7 10. Nc3 c5 11. cxd5 cxd4 12. dxe6 dxc3 13. exd7 cxd2 14. dxc8=Q
Rxc8 15. Qxd2 Qb6 16. Qe2 Rhd8 17. Rfd1 Nd5 18. Be4 Nb4 19. Nd4 Bf6 20. a3 Na6
21. Bf3 Nc5 22. Rac1 Bxd4 23. exd4 Nb3 24. Rxc8 Rxc8 25. Qe7 Rc7 26. Qe5+ f6
27. Qe4 Qd6 28. d5 a5 29. Qe3 Nc5 30. Re1 a4 31. h4 b6 32. h5 g5 33. g3 Kf8 34.
Qe8+ Kg7 35. Rd1 Re7 36. h6+ Kxh6 37. Qf8+ Kg6 38. Qg8+ Kh6 39. Kg2 Qd8 40.
Rh1# {baldomero checkmated} 1-0

[Event "ICS rated blitz match"]
[Site "204.178.125.65"]
[Date "2001.09.21"]
[Round "?"]
[White "baldomero"]
[Black "Hossa"]
[Result "1-0"]
[WhiteElo "2266"]
[BlackElo "2604"]
[PlyCount "73"]
[EventDate "2001.??.??"]

1. e4 g6 2. d4 d6 3. Nc3 Bg7 4. Nf3 f5 5. exf5 Bxf5 6. Bc4 c6 7. O-O Nf6 8. Re1
d5 9. Bd3 Bg4 10. h3 Bxf3 11. Qxf3 O-O 12. Qe3 Nh5 13. Ne2 Rf7 14. g4 Nf6 15.
Nf4 Ne8 16. Ne6 Qd7 17. c3 Bf6 18. f4 Nc7 19. g5 Bg7 20. Bd2 b6 21. Kg2 a5 22.
h4 a4 23. a3 Ra7 24. h5 gxh5 25. f5 Ne8 26. Rh1 Bf8 27. Rxh5 Nc7 28. Rah1 h6
29. Rxh6 Bxh6 30. Rxh6 Nxe6 31. fxe6 Qc7 32. exf7+ Kg7 33. Rh7+ Kf8 34. g6 Qg3+
35. Qxg3 e5 36. Qxe5 Re7 37. Rh8# {Hossa checkmated} 1-0